<?xml version="1.0" encoding="UTF-8"?><?xml-stylesheet type="text/xsl" href="static/style.xsl"?><OAI-PMH xmlns="http://www.openarchives.org/OAI/2.0/" xmlns:xsi="http://www.w3.org/2001/XMLSchema-instance" xsi:schemaLocation="http://www.openarchives.org/OAI/2.0/ http://www.openarchives.org/OAI/2.0/OAI-PMH.xsd"><responseDate>2026-04-17T07:53:57Z</responseDate><request verb="GetRecord" identifier="oai:www.recercat.cat:2117/355839" metadataPrefix="marc">https://recercat.cat/oai/request</request><GetRecord><record><header><identifier>oai:recercat.cat:2117/355839</identifier><datestamp>2025-07-17T15:48:39Z</datestamp><setSpec>com_2072_1033</setSpec><setSpec>col_2072_452951</setSpec></header><metadata><record xmlns="http://www.loc.gov/MARC21/slim" xmlns:dcterms="http://purl.org/dc/terms/" xmlns:xsi="http://www.w3.org/2001/XMLSchema-instance" xmlns:doc="http://www.lyncode.com/xoai" xsi:schemaLocation="http://www.loc.gov/MARC21/slim http://www.loc.gov/standards/marcxml/schema/MARC21slim.xsd">
   <leader>00925njm 22002777a 4500</leader>
   <datafield ind2=" " ind1=" " tag="042">
      <subfield code="a">dc</subfield>
   </datafield>
   <datafield ind2=" " ind1=" " tag="720">
      <subfield code="a">Giedra Gintauto, Edgaras</subfield>
      <subfield code="e">author</subfield>
   </datafield>
   <datafield ind2=" " ind1=" " tag="260">
      <subfield code="c">2021-07-14</subfield>
   </datafield>
   <datafield ind2=" " ind1=" " tag="520">
      <subfield code="a">Després de tants anys ha arribat el moment de realitzar el treball més important en la meva carrera universitària, ja que es tracta de posar en pràctica els coneixements adquirits al llarg del Màster en Enginyeria Industrial i també del Grau en Enginyeries en Tecnologies Industrials, que és la base sobre la que es complementa el Màster. El Treball Final de Màster suposa un gran repte per a qualsevol universitari i, concretament en el meu cas, significa haver de proposar/trobar la solució òptima davant d’un problema/necessitat real mitjançant les eines i els recursos dels que disposo gràcies a la formació adquirida com a Enginyer Industrial. A més a més, aquest treball és una bona representació dels projectes als que ens hem d’enfrontar en el sector laboral industrial. És cert que a l’hora d’escollir el tema sobre el que realitzar el TFM vaig intentar decantar-me en l’àrea de l’Organització Industrial, ja que és l’especialització que vaig cursar al Màster. No obstant això, degut a la situació sobre el COVID-19 i les conseqüents restriccions que es van imposar a nivell laboral, no vaig poder realitzar les pràctiques curriculars i el TFM conjuntament amb una empresa. Durant el Màster vaig cursar vàries assignatures relacionades amb l’edificació, on es contemplava el conjunt de serveis bàsics que s’han de satisfer a l’hora de projectar una obra, que em van semblar interessants i van ser clau en l’elecció del tema del present treball. Algunes d’aquestes matèries són el Disseny i Construcció de Plantes Industrials i Serveis Complementaris; Arquitectura, Construcció Industrial i Instal·lacions; Tecnologia Energètica. D’aquesta manera, l’execució del treball em permetrà ampliar els meus coneixements actuals sobre el tema en qüestió i dissenyar una casa eficient energèticament mitjançant l’anàlisi i estudi de les maneres de fer actuals. Així doncs, espero realitzar amb èxit el present treball amb la motivació de finalitzar els meus estudis i dedicant el temps i esforç necessaris per acomplir-lo</subfield>
   </datafield>
   <datafield tag="653" ind2=" " ind1=" ">
      <subfield code="a">Àrees temàtiques de la UPC::Energies::Energia solar fotovoltaica</subfield>
   </datafield>
   <datafield tag="653" ind2=" " ind1=" ">
      <subfield code="a">Àrees temàtiques de la UPC::Edificació::Instal·lacions i acondicionament d'edificis</subfield>
   </datafield>
   <datafield tag="653" ind2=" " ind1=" ">
      <subfield code="a">Photovoltaic power generation</subfield>
   </datafield>
   <datafield tag="653" ind2=" " ind1=" ">
      <subfield code="a">Small houses</subfield>
   </datafield>
   <datafield tag="653" ind2=" " ind1=" ">
      <subfield code="a">Ecological houses</subfield>
   </datafield>
   <datafield tag="653" ind2=" " ind1=" ">
      <subfield code="a">Energia solar fotovoltaica</subfield>
   </datafield>
   <datafield tag="653" ind2=" " ind1=" ">
      <subfield code="a">Energia solar fotovoltaica -- Arquitectura</subfield>
   </datafield>
   <datafield tag="653" ind2=" " ind1=" ">
      <subfield code="a">Cases petites</subfield>
   </datafield>
   <datafield tag="653" ind2=" " ind1=" ">
      <subfield code="a">Cases ecològiques</subfield>
   </datafield>
   <datafield ind2="0" ind1="0" tag="245">
      <subfield code="a">Disseny mini-casa autosuficient energèticament mitjançant energies renovables</subfield>
   </datafield>
</record></metadata></record></GetRecord></OAI-PMH>